000 00766nam a2200241Ia 4500
003 OSt
005 20220923213256.0
006 a|||||r|||| 00| 0
007 ta
008 220922b |||||||| |||| 00| 0 hin d
024 _a160,354
037 _cTextual
040 _aARTS
_cARTS
_bhin
041 _2hin
_ahin
082 _aO152,1:gN5, K3
100 _aवाजपेयी, कैलाश
_9156369
245 0 _aआघुनिक हिन्दी कविता में शिल्प
246 _aĀghunik hindī kavitā mean shilpa
260 _c1963
650 _aहिन्दी साहित्य
_9156264
942 _hO152,1:gN5, K3
_cTEXL
_2CC
999 _c315101
_d315101